Die Tätigkeitsstruktur der Lebensweise der Studenten

Elmentve itt :
Bibliográfiai részletek
Szerző: Szentirmai László
Dokumentumtípus: Cikk
Megjelent: 1976
Sorozat:Acta Universitatis Szegediensis : acta bibliothecaria 8 No. 4
Kulcsszavak:Könyvtártudomány
Online Access:http://acta.bibl.u-szeged.hu/7785
LEADER 00656nab a2200181 i 4500
001 acta7785
005 20210602154148.0
008 161015s1976 hu o 0|| ger d
022 |a 0001-7175 
040 |a SZTE Egyetemi Kiadványok Repozitórium  |b hun 
041 |a ger 
100 1 |a Szentirmai László 
245 1 4 |a Die Tätigkeitsstruktur der Lebensweise der Studenten  |h [elektronikus dokumentum] /  |c  Szentirmai László 
260 |c 1976 
300 |a 1-55 
490 0 |a Acta Universitatis Szegediensis : acta bibliothecaria  |v 8 No. 4 
695 |a Könyvtártudomány 
856 4 0 |u http://acta.bibl.u-szeged.hu/7785/1/biblio_008_fasc_004_001-055.pdf  |z Dokumentum-elérés